Hıristiyan kiliseleri ve ibadet yerleri (Record no. 1246)

MARC details
000 -BAŞLIK
Sabit Uzunlukta Kontrol Alanı 00686na a2200229 4500
001 - KONTROL NUMARASI
Denetim Alanı 12835
003 - KONTROL NUMARASI IDENTIFIER
Denetim Alanı MIRAKIL
005 - SON İŞLEM TARİHİ VE ZAMANI
Denetim Alanı 20181213154816.0
008 - SABİT-BOY VERİ ELEMANLARI - GENEL BİLGİLER
Sabit Uzunlukta Kontrol Alanı 160926b tu 000 0
035 ## - SİSTEM KONTROL NUMARASI
Sistem Kontrol Numarası 12835
040 ## - KATALOGLAMA KAYNAK
Orijinal Kataloglama Ajansı Milas
Kataloglama Dili tur
Metne Dönüştürmek Ajansı TR-AnCHP
082 ## - DEWEY ONLU SINIFLANDIRMA NUMARASI
Sınıflandırma Numarası 260
Ürün Numarası J21h 1994
090 ## - SINIFLAMA NUMARASI
Sınıflama Numarası 260 J21h 1994
100 ## - ANA GİRİŞ - KİŞİSEL İSİM
Kişisel Ad Jacob, P. Xavier
245 ## - BAŞLIK TABLOSU
Başlık Hıristiyan kiliseleri ve ibadet yerleri
Sorumluluk Tablosu, Vb P. Xavier Jacob
260 ## - YAYIN, DAĞITIM, VB
Yayın, Dağıtım, Vb Yeri İstanbul
Yayıncı, Dağıtıcı, Vs Adı [yayl.y.]
Yayın, Dağıtım, Vb Tarihi 1994
Üretici Firma Orhan Basımevi
300 ## - FİZİKSEL TANIM
Kapsam 36 s.
Boyutlar 20 sm.
650 ## - KONU KATMA GİRİŞ - TOPİKAL DÖNEM
Topikal Süreli Veya Coğrafi Ad Giriş Elemanı Hıristiyanlık
Genel Alt Bölümü Mabetler
-- Dinsel törenler
650 ## - KONU KATMA GİRİŞ - TOPİKAL DÖNEM
Topikal Süreli Veya Coğrafi Ad Giriş Elemanı Hıristiyanlık
Genel Alt Bölümü Kiliseler
-- Dinsel ritüeller
650 ## - KONU KATMA GİRİŞ - TOPİKAL DÖNEM
Topikal Süreli Veya Coğrafi Ad Giriş Elemanı Hıristiyanlık
Genel Alt Bölümü İbadet yerleri
942 ## - EKLENDİ GİRİŞ ELEMANLARI (KOHA)
Sınıflandırma Veya Raf Düzeni Kaynak Dewey Decimal Classification
Koha Öğesi Türü Books
999 ## - SİSTEM KONTROL NUMARALARI (KOHA)
Koha Biblionumber 1246
Koha Biblioitemnumber 1246
Holdings
Kalıcı Konum Mevcut Konum Edinme Tarihi Edinim Kaynak Toplam Check-Out'Lar Tam Çağrı Numarası Barkod Tarih Son Görülme İtibaren Geçerli Fiyatlar Koha Öğesi Türü
CHP Kütüphanesi CHP Kütüphanesi 08/02/2016 Bağış   260 J21h 1994 000566 08/02/2016 08/02/2016 Books